000 00549cam a22002291 4500
001 sa 64006461
003 DLC
005 20260227112040.0
008 940927s1962 ii 000 0 telo
010 _asa 64006461
025 _aPL480:I-Te-605
035 _a(OCoLC)31187187
040 _aDLC
_cCU
_dCU
_dDLC
042 _apremarc
050 0 0 _aPL4780.9.V498
_bA9
100 1 _aViswam, Aripirala.
245 1 0 _aAśvaghōṣuḍu.
260 _c[1962?]
300 _a59 p.
_c18 cm.
500 _aIn Telugu.
600 0 0 _aAśvaghoṣa
_vDrama.
999 _c59715
_d59715